| 000 | 00444nam a22001457a 4500 | ||
|---|---|---|---|
| 020 | _a9781441931474 | ||
| 040 | _cNUST | ||
| 082 | _a510 BIU | ||
| 100 |
_a Bluman, George W _9113926 |
||
| 110 |
_aAnco, Stephen C _9113927 |
||
| 245 | _aSymmetry and Integration Methods For Differential Equations | ||
| 260 |
_aNew York: _bSpringer, _c2002. |
||
| 650 |
_aSymmetry and Integration Methods For Differential Equations _9113928 |
||
| 942 |
_2ddc _cTEXT |
||
| 999 |
_c595357 _d595357 |
||